000 00461nam a2200181Ia 4500
005 20250603145615.0
008 250603s9999 xx 000 0 und d
020 _a9789788441519
050 _aHM 131 .T67/
100 _aTor-Anyiin, Saa-awua A.
245 0 _aPsychological perspective on communal conflict in the middle belt
260 _aMakurdi
260 _bAboki Publishers
260 _c2013
300 _a162 p
650 _aMakurdi
942 _cBK
999 _c42334
_d42334